000
00265nam a22001217a 4500
008
170930b xxu||||| |||| 00| 0 eng d
041
_a
eng
080
_a
37
100
_a
47
101
_a
EDU
245
_a
VOCABULARY AND COLLEGE
_c
DIEDERICH, P.B
942
_2
udc
_c
BK
999
_c
30908
_d
30908